Statistics for European Countries with More Wealth than Russia

Click here to take the quiz!

General Stats

  • This quiz has been taken 100 times
    (99 since last reset)
  • The average score is 7 of 8

Answer Stats

Country % Correct
United Kingdom
100%
Germany
99%
France
98%
Italy
97%
Spain
97%
Switzerland
81%
Netherlands
80%
Belgium
71%

Score Distribution

Percentile by Number Answered

Percent of People with Each Score

Your Score History

You have not taken this quiz since the last reset